[Event "Sardegna Regional-ch"]
[Site "Cagliari"]
[Date "2015.06.02"]
[Round "6"]
[White "Bonali, Leonardo"]
[Black "Olivieri, Guglielmo"]
[Result "1-0"]
[WhiteElo "1651"]
[BlackElo "1566"]
[PlyCount "75"]
[EventDate "2015.05.30"]
[EventType "swiss"]
[EventRounds "6"]
[EventCountry "ITA"]
[SourceTitle "EXT 2017"]
[Source "ChessBase"]
[SourceDate "2016.10.25"]
[SourceVersion "1"]
[SourceVersionDate "2016.10.25"]
[SourceQuality "1"]

1. d4 d5 2. c4 c6 3. Nc3 g6 4. Bf4 Bg7 5. Nf3 Nf6 6. e3 a6 7. Qb3 0-0 8. c5 h6 9. Bd3 Nbd7 10. Na4 Nh5 11. Bg3 Re8 12. Nb6 Nxb6 13. Qxb6 Qxb6 14. cxb6 Nxg3 15. hxg3 Bg4 16. Ne5 Bxe5 17. dxe5 Kg7 18. b4 Rac8 19. Rc1 Ra8 20. a4 a5 21. b5 cxb5 22. Bxb5 Rec8 23. Kd2 Bf5 24. Rxc8 Rxc8 25. Rc1 Rxc1 26. Kxc1 Kf8 27. Kd2 Bc8 28. Kc3 e6 29. Kd4 Ke7 30. Kc5 h5 31. f4 Bd7 32. Bxd7 Kxd7 33. Kb5 Kc8 34. Kxa5 Kd7 35. Kb5 Kc8 36. Kc5 Kd7 37. a5 Kd8 38. Kd6 1-0

[Event "Sardegna Regional-ch"]
[Site "Cagliari"]
[Date "2015.06.01"]
[Round "3"]
[White "Putzolu, Marcello"]
[Black "Olivieri, Guglielmo"]
[Result "1-0"]
[WhiteElo "1751"]
[BlackElo "1566"]
[PlyCount "141"]
[EventDate "2015.05.30"]
[EventType "swiss"]
[EventRounds "6"]
[EventCountry "ITA"]
[SourceTitle "EXT 2017"]
[Source "ChessBase"]
[SourceDate "2016.10.25"]
[SourceVersion "1"]
[SourceVersionDate "2016.10.25"]
[SourceQuality "1"]

1. e4 e5 2. Nf3 Nc6 3. Bb5 Nge7 4. d3 h6 5. Nc3 g6 6. Nd5 Bg7 7. 0-0 0-0 8. Be3 Nxd5 9. exd5 Ne7 10. Bc4 d6 11. h3 f5 12. Bd2 e4 13. dxe4 fxe4 14. Nh2 Nf5 15. c3 h5 16. Re1 Qh4 17. Qe2 Re8 18. Qf1 Bd7 19. g3 Qf6 20. Qg2 b5 21. Bb3 b4 22. Rxe4 a5 23. Rxe8+ Rxe8 24. Re1 Rxe1+ 25. Bxe1 Qe7 26. Qf1 bxc3 27. bxc3 Nh6 28. Bd2 Nf7 29. Qe1 Qxe1+ 30. Bxe1 Bxh3 31. c4 Ne5 32. Bxa5 Nd3 33. Bd2 Nc5 34. Bc2 Kf7 35. Nf3 Bf6 36. Ng5+ Bxg5 37. Bxg5 Bg4 38. Be3 Nd7 39. Kf1 Ne5 40. Bb3 Bh3+ 41. Ke1 Bc8 42. Kd2 Ba6 43. Kc3 Ke8 44. Bg5 Kd7 45. Bf4 Ng4 46. Be3 Nf6 47. Bc2 c6 48. dxc6+ Kxc6 49. Bxg6 d5 50. cxd5+ Nxd5+ 51. Kb3 Be2 52. Be4 Kd6 53. Bxd5 Kxd5 54. Kb4 Kc6 55. Kc3 Kb5 56. a3 Ka4 57. Bc5 Kb5 58. Be7 Ka6 59. Kd4 Bg4 60. Ke5 Kb7 61. f4 Kc8 62. Kf6 Kd7 63. Bb4 Ke8 64. Kg7 Bd1 65. f5 Bb3 66. f6 Bf7 67. a4 Bc4 68. a5 Bd5 69. a6 Bc4 70. a7 Bd5 71. a8Q+ 1-0

[Event "Nuoro Olbia Oristano Province-ch"]
[Site "Siniscola"]
[Date "2015.02.07"]
[Round "1"]
[White "Buchicchio, Alessandro"]
[Black "Olivieri, Guglielmo"]
[Result "1-0"]
[WhiteElo "1901"]
[BlackElo "1569"]
[PlyCount "61"]
[EventDate "2015.02.07"]
[EventType "swiss"]
[EventRounds "7"]
[EventCountry "ITA"]
[SourceTitle "EXT 2017"]
[Source "ChessBase"]
[SourceDate "2016.10.25"]
[SourceVersion "1"]
[SourceVersionDate "2016.10.25"]
[SourceQuality "1"]

1. e4 e5 2. Nf3 Nc6 3. d4 exd4 4. c3 Nf6 5. e5 Nd5 6. cxd4 Bb4+ 7. Bd2 Bxd2+ 8. Nbxd2 0-0 9. Bc4 Nf4 10. 0-0 Na5 11. Re1 Nxc4 12. Nxc4 b5 13. Ne3 Bb7 14. d5 Re8 15. g3 Ng6 16. Nf5 Ne7 17. Nxe7+ Qxe7 18. Qd3 a6 19. Re3 h6 20. Rae1 Qb4 21. e6 dxe6 22. dxe6 fxe6 23. R1e2 Qg4 24. Ne5 Qh3 25. f3 Rad8 26. Qc2 Re7 27. f4 Bd5 28. g4 Qh4 29. Ng6 Qxg4+ 30. Rg3 Be4 31. Nxe7+ 1-0